000 00785 a2200217 4500
010 _aENG-89282
020 _a9788131303597
_c695.00
035 _aEN-72815
037 _bDBAD / PUB
082 1 4 _a363.73
090 _c10693
_d10693
100 1 _aSinha, B.K.
245 1 _aEnvironment, pollution & health hazards/
_cby B.K. Sinha and Shriti Choudhary
260 _aNew Delhi
_bAPH Publishing Corporation
_c2008
270 _a4435-36/7, Ansari Road, Darya Ganj,
_bNew Delhi
_cDelhi
_e110002
_k23274050
_l91-011-23274050
_maphbook@vsnl.net
300 _aviii, 249 p.
_c22 cm ( Hb.)
500 _aIncludes index
700 1 _aChoudhary Shriti
942 _adpl
_cEN
_k363.73/ SIN
999 _c10398
_d10398